00322nam a2200109Ia 4500008004100000082001300041245007200054260004500126300001300171650000800184650002000192210423s1978 xx 000 0 und d a340 GOVK aKarnataka tax on professions trades callip and employments act 1976 aKarnatakabGovernment Of Karnatakac1978 a1,81bBP aLaw aSocial Sciences